[Event "Melhor de duas"]
[Site "http://www.queenalice.com/game.php?id=401636"]
[Date "2008.5.11"]
[Round "-"]
[White "carobrod"]
[Black "AgnaldoRoz"]
[Result "1-0"]
[WhiteElo "1495"]
[BlackElo "1100"]

1. e4 d6 2. d4 Nf6 3. Nc3 Bg4 4. Be2 h5 5. Bg5 Qc8 6. Qd3 b6 7. e5 Nfd7 8. Qe4
c6 9. Bxg4 hxg4 10. e6 d5 11. Qxg4 Nf6 12. Bxf6 gxf6 13. exf7+ Kd8 14. Qxc8+
Kxc8 15. h4 Rh7 16. g4 Rxf7 17. f4 Rg7 18. g5 Nd7 19. O-O-O e6 20. Nf3 Bd6 21.
Ne2 fxg5 22. Nxg5 Kb7 23. Rde1 Re8 24. h5 e5 25. h6 Rge7 26. h7 exf4 27. h8=Q
Rxh8 28. Rxh8 b5 29. Rh6 Rg7 30. Rxd6 Rxg5 31. Rxd7+ Kb6 32. Nxf4 a5 33. Ne6 b4
34. Nxg5 1-0

[Event "Challenge"]
[Site "http://www.queenalice.com/game.php?id=410323"]
[Date "2008.5.30"]
[Round "-"]
[White "paulchess10"]
[Black "AgnaldoRoz"]
[Result "1-0"]
[WhiteElo "1953"]
[BlackElo "1199"]

1. e4 e5 2. Nf3 c5 3. Bc4 Nf6 4. d3 Bd6 5. Nc3 Nc6 6. Bg5 h6 7. Bh4 g5 8. Bg3 g4
9. Nh4 Bf8 10. Nf5 Nd4 11. Ne3 Be7 12. Bxe5 d6 13. Bg3 Be6 14. Bxe6 fxe6 15.
Nxg4 h5 16. Nxf6+ Bxf6 17. O-O e5 18. Nd5 Bg7 19. c3 Nc6 20. f4 Rf8 21. Qxh5+
Kd7 22. fxe5 dxe5 23. Rxf8 Bxf8 24. Qf7+ Kd6 25. Rf1 Ne7 26. Rf6+ Kd7 27. Bxe5
Qb6 28. Nxb6+ axb6 29. Rxb6 Rc8 30. Rd6+ Kc7 31. Ra6+ 1-0

[Event "Challenge"]
[Site "http://www.queenalice.com/game.php?id=410324"]
[Date "2008.5.30"]
[Round "-"]
[White "AgnaldoRoz"]
[Black "paulchess10"]
[Result "0-1"]
[WhiteElo "1060"]
[BlackElo "1949"]

1. e4 c5 2. Nf3 d6 3. d3 Nc6 4. c4 g6 5. Nc3 Bg7 6. Be2 Nf6 7. O-O O-O 8. a3 b6
9. b3 Bb7 10. g3 Nd7 11. a4 Bxc3 12. Rb1 Nce5 13. Qc2 Nxf3+ 14. Bxf3 Bd4 15. Be3
Ne5 16. Qe2 Bxe3 17. Qxe3 Nxf3+ 18. Qxf3 e6 19. Rfe1 d5 20. e5 Qc7 21. Re2 dxc4
22. Qe3 Qc6 23. d4 Qg2# 0-1

[Event "P/ñ dizer que sou 1 cara bacana"]
[Site "http://www.queenalice.com/game.php?id=412749"]
[Date "2008.6.4"]
[Round "-"]
[White "AgnaldoRoz"]
[Black "carobrod"]
[Result "1-0"]
[WhiteElo "1098"]
[BlackElo "1538"]

1. e4 e5 2. Nf3 Nf6 3. Bc4 Nc6 4. d3 Bc5 5. Bg5 h6 6. Be3 Bxe3 7. fxe3 a6 8. Nc3
d6 9. O-O Qe7 10. Nd5 Nxd5 11. Bxd5 Nb4 12. Bb3 c5 13. c3 Nc6 14. d4 exd4 15.
cxd4 cxd4 16. Nxd4 Ne5 17. h3 O-O 18. Bd5 Qg5 19. Nf3 Qxe3+ 20. Kh1 Nxf3 21.
Rxf3 Qb6 22. Bxf7+ Rxf7 23. Qd5 Qc7 24. Raf1 Be6 25. Qxe6 Qe7 26. Qxf7+ Qxf7 27.
Rxf7 Re8 28. Rxb7 Rxe4 29. Rd1 Re6 30. Ra7 h5 31. Rxa6 h4 32. Raxd6 Re2 33. Rb6
Rc2 34. Kh2 1-0

[Event "AUTO-BEG-224"]
[Site "http://www.queenalice.com/game.php?id=416931"]
[Date "2008.6.13"]
[Round "1"]
[White "Kuroi"]
[Black "AgnaldoRoz"]
[Result "1-0"]
[WhiteElo "1475"]
[BlackElo "1060"]

1. e4 e6 2. Nf3 d5 3. g3 dxe4 4. Ne5 f5 5. Bg2 Bd6 6. Nc4 Nc6 7. d3 Bb4+ 8. c3
Be7 9. O-O g6 10. Qc2 exd3 11. Bxc6+ Kf8 12. Rd1 bxc6 13. Rxd3 Bd7 14. Ne5 Bd6
15. Bg5 Be7 16. Nxd7+ Kf7 17. Ne5+ Kg7 18. Rxd8 Rxd8 19. Nxc6 Re8 20. Nxe7 Nxe7
21. Bxe7 Rxe7 22. Qa4 Rd8 23. Na3 Rb8 24. Qh4 Rd7 25. Qa4 Rd2 26. Qf4 Rdxb2 27.
Qxc7+ Kf6 28. Re1 R8b7 29. Qd8+ Kf7 30. Nc4 Rb1 31. Rd1 Rxd1+ 32. Qxd1 Rc7 33.
Qa4 h6 34. Nd6+ Ke7 35. Qe8+ Kxd6 36. Qxg6 Rxc3 37. Qxh6 Ra3 38. Qf8+ 1-0

[Event "AUTO-BEG-224"]
[Site "http://www.queenalice.com/game.php?id=416932"]
[Date "2008.6.13"]
[Round "1"]
[White "AgnaldoRoz"]
[Black "Kuroi"]
[Result "0-1"]
[WhiteElo "1098"]
[BlackElo "1347"]

1. d4 Nf6 2. e3 g6 3. Nc3 Bg7 4. g3 O-O 5. Bc4 d5 6. Bb3 Bg4 7. f3 Bh5 8. g4
Bxg4 9. fxg4 Bh6 10. h3 Qd6 11. e4 Qg3+ 12. Kf1 Qh4 13. e5 Nfd7 14. Nxd5 Nc6 15.
Bxh6 Qxh6 16. Qd3 e6 17. Nxc7 Qf4+ 18. Ke2 Nxd4+ 19. Ke1 Rac8 20. Qc4 Qe4+ 21.
Kf1 Nxe5 22. Re1 Qf4+ 23. Kg2 Nxc4 24. Nb5 Nxb5 25. a4 Ne3+ 0-1

[Event "AUTO-BEG-224"]
[Site "http://www.queenalice.com/game.php?id=416947"]
[Date "2008.6.13"]
[Round "1"]
[White "grandmaster1991"]
[Black "AgnaldoRoz"]
[Result "1-0"]
[WhiteElo "1697"]
[BlackElo "1199"]

1. e4 e5 2. Nf3 Nc6 3. Bb5 a6 4. Ba4 b5 5. Bb3 Nf6 6. O-O Nxe4 7. Re1 f5 8. d3
Nf6 9. d4 Nxd4 10. Qxd4 d6 11. Nc3 Be7 12. Qd2 g5 13. Nxg5 f4 14. Nf7 Qd7 15.
Nxh8 Kf8 16. Nd5 Kg7 17. Nxf6 Bxf6 18. Qd5 Qe6 19. Qxa8 Qe8 20. Bxf4 Qxh8 21.
Bxe5 dxe5 22. Qd5 Kg6 23. Qf7+ Kg5 24. Be6 Qg7 25. Qxg7+ Bxg7 26. Bxc8 c5 27.
Bxa6 e4 28. c3 Kf4 29. Bxb5 1-0

[Event "AUTO-BEG-224"]
[Site "http://www.queenalice.com/game.php?id=416948"]
[Date "2008.6.13"]
[Round "1"]
[White "AgnaldoRoz"]
[Black "grandmaster1991"]
[Result "0-1"]
[WhiteElo "1199"]
[BlackElo "1716"]

1. e4 c5 2. Bc4 d6 3. Ne2 Nc6 4. O-O Nf6 5. f3 e5 6. Nbc3 Be7 7. d3 O-O 8. Nd5
Nxd5 9. Bxd5 Bd7 10. f4 exf4 11. Nxf4 Kh8 12. g4 Qc8 13. c3 Bxg4 14. Qe1 Ne5 15.
h3 Bxh3 16. Nxh3 Qxh3 17. Bxb7 Ng4 18. Qe2 Rab8 19. Bd5 f6 20. Qg2 Qh5 21. Bf4
g5 22. Bd2 Rxb2 23. Rae1 Ne5 24. Be6 Nxd3 25. Re3 Nf4 26. Qf2 Nxe6 27. Qh2 Qxh2+
28. Kxh2 Rxd2+ 29. Kg3 h5 30. Rf2 Rxf2 31. Kxf2 f5 0-1

[Event "AUTO-BEG-224"]
[Site "http://www.queenalice.com/game.php?id=416959"]
[Date "2008.6.13"]
[Round "1"]
[White "AgnaldoRoz"]
[Black "frankieboy91"]
[Result "1-0"]
[WhiteElo "1162"]
[BlackElo "1137"]

1. e4 Nf6 2. e5 Ne4 3. f3 Nc5 4. d4 Ne6 5. Nc3 d6 6. f4 f6 7. Nf3 fxe5 8. fxe5
dxe5 9. Nxe5 Nxd4 10. Bd2 Nd7 11. Nxd7 Bxd7 12. Bg5 e5 13. Bxd8 Rxd8 14. Qd2 Bf5
15. Bd3 e4 16. Bf1 e3 17. Qd1 Nxc2+ 18. Ke2 Rxd1 19. Kxd1 Nxa1 20. Bb5+ c6 21.
Bc4 Bc5 22. Ke2 1-0

[Event "AUTO-BEG-224"]
[Site "http://www.queenalice.com/game.php?id=416960"]
[Date "2008.6.13"]
[Round "1"]
[White "frankieboy91"]
[Black "AgnaldoRoz"]
[Result "0-1"]
[WhiteElo "1137"]
[BlackElo "1115"]

1. Nf3 Nf6 2. Nc3 d5 3. e3 Bf5 4. e4 dxe4 5. Ne5 c5 6. Bc4 e6 7. b3 Nbd7 8. Bb5
a6 9. Bxd7+ Nxd7 10. Nc4 Be7 11. g4 Bg6 12. O-O h6 13. d3 b5 14. Ne3 b4 15. Ne2
exd3 16. cxd3 Bf6 17. Rb1 h5 18. gxh5 Bxh5 19. Qc2 Bg6 20. Qc4 Nb6 21. Qxc5 Be7
22. Qc6+ Kf8 23. Rd1 Rc8 0-1

[Event "AUTO-BEG-245"]
[Site "http://www.queenalice.com/game.php?id=453680"]
[Date "2008.8.26"]
[Round "1"]
[White "Jomaley"]
[Black "AgnaldoRoz"]
[Result "1-0"]
[WhiteElo "1339"]
[BlackElo "1251"]

1. e4 e5 2. Nf3 Nc6 3. c3 Nf6 4. Bd3 Bc5 5. Bb5 O-O 6. Bxc6 bxc6 7. Nxe5 h6 8.
O-O Nxe4 9. b4 Bd6 10. Nc4 Ba6 11. Na5 Rb8 12. d3 Ng5 13. Bxg5 f5 14. Bxd8 Rbxd8
15. Nd2 Rde8 16. Ndb3 Re6 17. Qh5 Re5 18. f4 1-0

[Event "AUTO-BEG-245"]
[Site "http://www.queenalice.com/game.php?id=453681"]
[Date "2008.8.26"]
[Round "1"]
[White "AgnaldoRoz"]
[Black "Jomaley"]
[Result "0-1"]
[WhiteElo "1235"]
[BlackElo "1351"]

1. d4 d5 2. Nc3 c6 3. Bf4 Na6 4. Nf3 f6 5. g4 g5 6. Bg3 Nb4 7. a3 Na6 8. Qd3
Bxg4 9. O-O-O Bxf3 10. Qxf3 Nh6 11. e3 Nc7 12. h3 Ne6 13. Qg2 a5 14. f3 Nf5 15.
Re1 b5 16. Nd1 b4 17. a4 Qb6 18. Bd3 Nxg3 0-1

[Event "AUTO-BEG-245"]
[Site "http://www.queenalice.com/game.php?id=453696"]
[Date "2008.8.26"]
[Round "1"]
[White "westchessdf"]
[Black "AgnaldoRoz"]
[Result "1-0"]
[WhiteElo "1636"]
[BlackElo "1252"]

1. Nf3 d6 2. e4 Nc6 3. Bb5 a6 4. Bxc6+ bxc6 5. d4 f6 6. Nc3 c5 7. dxc5 dxc5 8.
Qxd8+ Kxd8 9. Bf4 g5 10. Bg3 e5 11. O-O-O+ Bd7 12. Nxe5 fxe5 13. Bxe5 Ke7 14.
Bxh8 Ke6 15. h4 g4 16. f3 g3 17. Nd5 Rc8 18. Nf4+ Kf7 19. Rxd7+ Be7 20. Nd5 Ke6
21. Rxc7 Re8 22. Rd1 Kd6 23. e5+ Ke6 24. f4 Rd8 25. f5+ Kxf5 26. Nxe7+ 1-0

[Event "AUTO-BEG-245"]
[Site "http://www.queenalice.com/game.php?id=453697"]
[Date "2008.8.26"]
[Round "1"]
[White "AgnaldoRoz"]
[Black "westchessdf"]
[Result "0-1"]
[WhiteElo "1251"]
[BlackElo "1656"]

1. d4 Nf6 2. f3 d5 3. Nc3 Nc6 4. g4 e6 5. Bf4 Bd7 6. e4 dxe4 7. fxe4 Be7 8. Qd2
O-O 9. O-O-O Nxg4 10. Be3 Bb4 11. h3 Bxc3 12. Qxc3 Nxe3 13. Qxe3 Qe7 14. c4 Rfc8
15. Nf3 a6 16. c5 b6 17. b3 bxc5 18. dxc5 Rcb8 19. Rd2 a5 20. Bc4 Nb4 21. Kb1 a4
22. Qg5 Qxg5 23. Rg1 Qe7 24. Rdg2 g6 25. Ne5 axb3 26. Rb2 bxa2+ 27. Bxa2 Ba4 28.
Rc1 Nxa2 29. Kxa2 Bc2# 0-1

[Event "AUTO-BEG-245"]
[Site "http://www.queenalice.com/game.php?id=453708"]
[Date "2008.8.26"]
[Round "1"]
[White "AgnaldoRoz"]
[Black "gamnascimento"]
[Result "1-0"]
[WhiteElo "1228"]
[BlackElo "1213"]

1. d4 e6 2. Nc3 d5 3. f4 Qh4+ 4. g3 Qg4 5. Bh3 Qg6 6. Nf3 Qxg3+ 7. hxg3 f5 8.
Ne5 g6 9. O-O h5 10. Nxg6 Bg7 11. Nxh8 Bxh8 12. b4 Nc6 13. a3 Bxd4+ 14. e3 1-0

[Event "AUTO-BEG-245"]
[Site "http://www.queenalice.com/game.php?id=453709"]
[Date "2008.8.26"]
[Round "1"]
[White "gamnascimento"]
[Black "AgnaldoRoz"]
[Result "0-1"]
[WhiteElo "1213"]
[BlackElo "1200"]

1. f4 d5 2. d3 c5 3. e4 d4 4. f5 Nc6 5. c4 e5 6. Nd2 Nf6 7. b3 Be7 8. a4 Nb4 9.
Ndf3 Bd6 10. Nh3 h6 11. g4 Nxg4 12. Nxe5 Bxe5 13. Qxg4 g5 14. Nf2 Bf6 0-1